00605 2200241 4500001002100000005001700021008004100038035002400079082001200103090002200115100001600137245004500153250001000198260003200208300002400240500002600264650001300290700001100303850001500314980001300329985000600342999001500348YOGYA-0209000003498920090227024947.0 ind  0010-020900000034989 a633.492 a633.492bSri BlT aSRI NURYANI aBudidaya ubi kayucSri Nuryani, Soedjono aCet.1 aSemarangbDahar Prizec1991 a72 hlmbilusc20 cm aBibliografi : hlm. 72 aUbi Kayu aSujono aYOPDYOG(B) a12-11-06 a1 a93P0035340